|
|
|
|
| LEADER |
00000nab a2200000 a 4500 |
| 001 |
vtls000608099 |
| 003 |
SK-MaSNL |
| 005 |
20260303013848.0 |
| 008 |
160401c1996 xo 0 slo |
| 015 |
|
|
|a SNBRB19rr/mm-uuuuu
|
| 035 |
|
|
|a CL0608238
|
| 040 |
|
|
|a SNKBUCL
|b slo
|c SNKBUCL
|e AACR2
|
| 041 |
0 |
|
|a slo
|
| 044 |
|
|
|a xo
|c SK
|
| 080 |
|
|
|a 678.44:061.5(437.6)
|2 1981
|
| 100 |
1 |
|
|a Holík, Vladimír
|4 aut
|9 490823
|
| 245 |
1 |
0 |
|a Matador emituje
|b Český trh je pre "Púchovčanov" najvýznamnejším odbytiskom
|c Vladimír Holík
|
| 650 |
0 |
7 |
|a Matador, a.s., Púchov
|2 snkbucl
|9 981023
|
| 651 |
|
7 |
|a 5307
|2 snkbucl
|9 284648
|
| 655 |
|
7 |
|a články z novín a časopisov
|2 snkbucl
|9 267496
|
| 773 |
0 |
|
|t Slovenský profit
|g Roč. 4, č. 51-52 (1996)
|
| 773 |
0 |
|
|t [Príl.] Profit invest
|g Č. 51-52 (1996), s. 2
|
| 850 |
|
|
|a Slovenská národná knižnica v Martine
|a MTA001
|
| 852 |
|
|
|a SNK
|b KIS3GCP
|
| 958 |
|
|
|a SK
|
| 958 |
|
|
|a RK
|
| 958 |
|
|
|a RBX
|
| 999 |
|
|
|c 1604813
|d 1606743
|